000 00366nam a22001577a 4500
005 20161015151747.0
008 161015b xxu||||| |||| 00| 0 eng d
020 _a978-81-7124-902-2
041 _aeng
100 _aTrikha, Dr Nandkishore
_93603
245 _aPress Vidhi
260 _bVishwavidhyalaya
300 _a326
650 _aJournlism
_93605
942 _cBK
999 _c5271
_d5269